000 00908cam a2200241 4500
001 sa 68014656
003 DLC
005 20260227112633.0
008 700211s1967 ii 00010 eng
010 _asa 68014656 //r942
025 _aPL480:I-E-10693
040 _aDLC
_cDLC
_dDLC
050 0 0 _aHN690.U8
_bL8 no. 354
082 0 0 _a338.954/2 s
100 1 0 _aDas, Bidhan Chandra,
_d1926-
245 1 2 _aA brief report on the working of the industrial campaign, 1964-65,
_bin Farrukhabad and Lucknow districts
_c[by] B. C. Das.
260 0 _aLucknow,
_bPlanning Research and Action Institute
_c[1967]
300 _aii, 42 p.
_c24 cm.
490 1 _aP.R.A.I. publication no. 354
651 0 _aFarrukhābād (India : District)
_xEconomic conditions.
651 0 _aLucknow (India : District)
_xEconomic conditions.
810 1 _aLucknow.
_bPlanning Research and Action Institute.
_tP.R.A.I. publication,
_vno. 354
999 _c85936
_d85936